000 00463nab a2200145Ia 4500
003 ES-SlBCS
005 20210601132849.0
008 140529s1959 xxu||||| |||| 00| 0 ita d
041 _aita
100 1 _aSancipriano, Mario
_972552
245 0 0 _aLa metafisica induttiva del Bergson
_c Mario Sancipriano
600 1 _aBergson, Henri-Metafísica Inductiva
_9199629
773 0 _tGiornali di Metafisica
_gvol. 14, nº. 6, 1959, págs. 818-825
_w0017-0372
942 _cAR
999 _c586861
_d586861